|
|
|
|
| LEADER |
00997nam a2200205 i 4500 |
| 003 |
GR-PaULI |
| 005 |
20230522165304.0 |
| 008 |
200911s1955 gr ||||g |||| 000 f gre d |
| 952 |
|
|
|0 0
|1 0
|2 ddc
|4 0
|6 813_520000000000000_BUC
|7 0
|9 243382
|a LISP
|b LISP
|c DON
|d 2020-09-11
|e ΠΑΠ
|i 148900
|l 0
|o 813.52 BUC
|p 025000275510
|r 2020-09-11 00:00:00
|t 1
|v 2020.00
|w 2020-09-11
|y BK15
|
| 999 |
|
|
|c 146854
|d 146854
|
| 040 |
|
|
|a GR-PaULI
|b gre
|c GR-PaULI
|e AACR2
|
| 082 |
0 |
4 |
|2 23
|a 813.52
|
| 100 |
1 |
|
|a Buck, Pearl S.
|q (Pearl Sydenstricker),
|d 1892-1973
|e συγγραφέας.
|9 79772
|
| 245 |
1 |
3 |
|a Το ψωμί των ανθρώπων /
|c Πέρλ Μπακ ; μετάφραση Νικηφόρου Βρεττάκου.
|
| 260 |
|
|
|a Αθήναι :
|b " Ο κόσμος του βιβλίου",
|c 1955.
|
| 300 |
|
|
|a 462., [2] σ ;
|c 22 εκ.
|
| 500 |
|
|
|a Βραβείο Νόμπελ.
|
| 700 |
1 |
|
|a Βρεττάκος, Νικηφόρος,
|d 1912-1991
|e μεταφραστής.
|9 5908
|
| 942 |
|
|
|2 ddc
|c BK15
|
| 998 |
|
|
|c ΛΟΤΣΑΡΗ
|d 2020-09
|